[Event "Moscow Open 2018 AB"]
[Site "?"]
[Date "2018.02.04"]
[Round "9.9"]
[White "Palachev, Petr"]
[Black "Bocharov, Ivan"]
[Result "1/2-1/2"]
[BlackElo "2534"]
[WhiteElo "2370"]
[LiveChessVersion "1.4.8"]

1. Nf3 {[%clk 1:29:03]} Nf6 {[%clk 1:30:40]} 2. g3 {[%clk 1:27:38]} g6
{[%clk 1:29:14]} 3. Bg2 {[%clk 1:27:55]} Bg7 {[%clk 1:29:43]} 4. O-O
{[%clk 1:28:11]} O-O {[%clk 1:30:10]} 5. d4 {[%clk 1:28:34]} d5 {[%clk 1:30:35]}
6. c4 {[%clk 1:28:51]} c6 {[%clk 1:31:04]} 7. Ne5 {[%clk 1:29:14]} Be6
{[%clk 1:26:57]} 8. cxd5 {[%clk 1:29:29]} Bxd5 {[%clk 1:26:57]} 9. Nc3
{[%clk 1:29:45]} Bxg2 {[%clk 1:26:47]} 10. Kxg2 {[%clk 1:30:10]} Nbd7
{[%clk 1:26:50]} 11. Qb3 {[%clk 1:30:28]} Qb6 {[%clk 1:24:43]} 12. Rd1
{[%clk 1:29:28]} e6 {[%clk 1:16:43]} 13. Bf4 {[%clk 0:59:49]} Rfd8
{[%clk 1:15:35]} 14. Nc4 {[%clk 0:55:00]} Qa6 {[%clk 1:15:02]} 15. a4
{[%clk 0:47:14]} Nd5 {[%clk 1:00:50]} 16. Bg5 {[%clk 0:42:22]} N7f6
{[%clk 0:59:03]} 17. e4 {[%clk 0:35:28]} Nxc3 {[%clk 0:51:17]} 18. bxc3
{[%clk 0:35:54]} Rd7 {[%clk 0:51:30]} 19. Bxf6 {[%clk 0:29:42]} Bxf6
{[%clk 0:51:58]} 20. e5 {[%clk 0:25:52]} Be7 {[%clk 0:52:07]} 21. Ra2
{[%clk 0:26:12]} Rad8 {[%clk 0:45:34]} 22. Ne3 {[%clk 0:18:45]} c5
{[%clk 0:40:02]} 23. Rad2 {[%clk 0:19:04]} cxd4 {[%clk 0:39:40]} 24. cxd4
{[%clk 0:18:54]} Bc5 {[%clk 0:38:47]} 25. Qb2 {[%clk 0:07:28]} Qc6+
{[%clk 0:24:42]} 26. f3 {[%clk 0:07:44]} Be7 {[%clk 0:23:17]} 27. Qb3
{[%clk 0:06:47]} Qc7 {[%clk 0:19:38]} 28. f4 {[%clk 0:03:11]} Bc5
{[%clk 0:15:31]} 29. d5 {[%clk 0:02:31]} Bxe3 {[%clk 0:15:26]} 30. Qxe3
{[%clk 0:02:57]} exd5 {[%clk 0:13:06]} 31. Qxa7 {[%clk 0:02:23]} Qc6
{[%clk 0:11:21]} 32. Qd4 {[%clk 0:02:21]} Ra8 {[%clk 0:11:50]} 33. Ra1
{[%clk 0:02:29]} Ra5 {[%clk 0:12:18]} 34. Rf2 {[%clk 0:01:56]} Rc5
{[%clk 0:12:38]} 35. a5 {[%clk 0:01:10]} Rc4 {[%clk 0:11:08]} 36. Qb6
{[%clk 0:01:30]} Qxb6 {[%clk 0:11:37]} 37. axb6 {[%clk 0:01:54]} Rb4
{[%clk 0:12:07]} 38. Rd2 {[%clk 0:01:55]} Kf8 {[%clk 0:10:18]} 39. Ra5
{[%clk 0:00:38]} d4 {[%clk 0:10:47]} 40. Kf3 {[%clk 0:30:41]} Rxb6
{[%clk 0:40:53]} 41. Ra4 {[%clk 0:22:42]} Rb3+ {[%clk 0:39:56]} 42. Kf2
{[%clk 0:22:46]} d3 {[%clk 0:39:54]} 43. Ke3 {[%clk 0:23:00]} Ke7
{[%clk 0:37:26]} 44. Rd4 {[%clk 0:15:59]} Rxd4 {[%clk 0:23:57]} 45. Kxd4
{[%clk 0:16:24]} f6 {[%clk 0:24:00]} 46. exf6+ {[%clk 0:14:21]} Kxf6
{[%clk 0:24:29]} 47. Kc4 {[%clk 0:14:44]} Ra3 {[%clk 0:24:53]} 48. Kb4
{[%clk 0:15:02]} Ra6 {[%clk 0:22:26]} 49. Rxd3 {[%clk 0:14:35]} h5
{[%clk 0:21:18]} 50. Kb3 {[%clk 0:11:22]} Ra5 {[%clk 0:18:07]} 51. Rd6+
{[%clk 0:10:02]} Kf5 {[%clk 0:18:25]} 52. Rb6 {[%clk 0:09:51]} Ra1
{[%clk 0:16:24]} 53. Kb2 {[%clk 0:09:36]} Rg1 {[%clk 0:15:57]} 54. Rxb7
{[%clk 0:08:29]} Rg2+ {[%clk 0:16:19]} 55. Kc1 {[%clk 0:08:38]} Rxh2
{[%clk 0:16:17]} 56. Rb5+ {[%clk 0:08:51]} Kf6 {[%clk 0:16:41]} 57. Rb6+
{[%clk 0:08:58]} Kg7 {[%clk 0:16:59]} 58. Rb5 {[%clk 0:07:56]} Kf6
{[%clk 0:14:47]} 59. Rb6+ {[%clk 0:04:37]} Kg7 {[%clk 0:15:15]} 60. Rb5
{[%clk 0:05:00]} Kh6 {[%clk 0:14:19]} 61. Kd1 {[%clk 0:03:59]} Rh3
{[%clk 0:13:10]} 62. Rg5 {[%clk 0:03:52]} h4 {[%clk 0:13:35]} 63. Ke2
{[%clk 0:03:18]} Rh2+ {[%clk 0:11:51]} 64. Kf3 {[%clk 0:03:23]} 1/2-1/2

[Event "Moscow Open 2018 AB"]
[Site "?"]
[Date "2018.02.04"]
[Round "9.10"]
[White "Nigmatov, Ortik"]
[Black "Tsydypov, Zhamsaran"]
[Result "1/2-1/2"]
[BlackElo "2523"]
[WhiteElo "2361"]
[LiveChessVersion "1.4.8"]

1. e4 {[%clk 1:30:57]} c5 {[%clk 1:09:44]} 2. Nf3 {[%clk 1:31:20]} d6
{[%clk 1:10:07]} 3. d4 {[%clk 1:31:46]} cxd4 {[%clk 1:10:34]} 4. Nxd4
{[%clk 1:32:11]} Nf6 {[%clk 1:10:57]} 5. Nc3 {[%clk 1:32:36]} g6 {[%clk 1:09:49]}
6. Be3 {[%clk 1:32:55]} Bg7 {[%clk 1:10:14]} 7. f3 {[%clk 1:33:14]} O-O
{[%clk 1:10:26]} 8. Qd2 {[%clk 1:33:38]} Nc6 {[%clk 1:10:42]} 9. Bc4
{[%clk 1:34:01]} Na5 {[%clk 1:10:43]} 10. Bb3 {[%clk 1:33:37]} Bd7
{[%clk 1:10:36]} 11. O-O-O {[%clk 1:31:33]} b5 {[%clk 1:07:29]} 12. Ndxb5
{[%clk 1:27:52]} Rb8 {[%clk 1:06:18]} 13. Na3 {[%clk 1:27:55]} Qc7
{[%clk 1:05:23]} 14. Bd4 {[%clk 1:24:36]} Qb7 {[%clk 0:55:16]} 15. Nd5
{[%clk 1:17:08]} Nxb3+ {[%clk 0:53:10]} 16. axb3 {[%clk 1:17:17]} Be6
{[%clk 0:48:06]} 17. Nxf6+ {[%clk 1:17:10]} exf6 {[%clk 0:48:22]} 18. Kb1
{[%clk 1:15:41]} Rfc8 {[%clk 0:34:00]} 19. Rhe1 {[%clk 1:13:35]} Rc6
{[%clk 0:29:00]} 20. g4 {[%clk 1:07:28]} Ra6 {[%clk 0:26:10]} 21. h4
{[%clk 1:00:39]} d5 {[%clk 0:21:55]} 22. exd5 {[%clk 0:48:00]} Bxd5
{[%clk 0:19:57]} 23. Bc5 {[%clk 0:44:08]} Re6 {[%clk 0:16:48]} 24. Rxe6
{[%clk 0:41:29]} Bxe6 {[%clk 0:15:55]} 25. Qe3 {[%clk 0:34:02]} a5
{[%clk 0:13:26]} 26. h5 {[%clk 0:34:19]} Qc6 {[%clk 0:08:08]} 27. Rd6
{[%clk 0:27:36]} Qc8 {[%clk 0:06:52]} 28. Rb6 {[%clk 0:25:46]} Ra8
{[%clk 0:06:49]} 29. Bd4 {[%clk 0:25:04]} a4 {[%clk 0:05:08]} 30. b4
{[%clk 0:22:07]} Qd7 {[%clk 0:05:32]} 31. Qf4 {[%clk 0:14:02]} Rd8
{[%clk 0:05:13]} 32. Rb8 {[%clk 0:13:14]} Rxb8 {[%clk 0:03:10]} 33. Qxb8+
{[%clk 0:13:43]} Bf8 {[%clk 0:03:39]} 34. Qf4 {[%clk 0:13:41]} Be7
{[%clk 0:02:47]} 35. Kc1 {[%clk 0:13:03]} g5 {[%clk 0:02:25]} 36. Qe3
{[%clk 0:08:18]} Bd6 {[%clk 0:01:44]} 37. Qc3 {[%clk 0:08:48]} Bf4+
{[%clk 0:01:43]} 38. Be3 {[%clk 0:09:02]} Be5 {[%clk 0:02:06]} 39. Qc5
{[%clk 0:09:07]} Bd5 {[%clk 0:02:02]} 40. Nb5 {[%clk 0:33:11]} Bxf3
{[%clk 0:32:06]} 41. Nd4 {[%clk 0:31:56]} Bxg4 {[%clk 0:30:32]} 42. h6
{[%clk 0:26:23]} Bd6 {[%clk 0:27:55]} 43. Qc3 {[%clk 0:25:45]} Bf8
{[%clk 0:24:08]} 44. b5 {[%clk 0:25:59]} Qd5 {[%clk 0:24:21]} 45. Kb1
{[%clk 0:20:13]} Qh1+ {[%clk 0:10:15]} 46. Ka2 {[%clk 0:20:38]} Qd5+
{[%clk 0:10:36]} 47. Kb1 {[%clk 0:20:47]} Qh1+ {[%clk 0:09:54]} 48. Ka2
{[%clk 0:21:14]} Bxh6 {[%clk 0:09:53]} 49. b6 {[%clk 0:21:10]} Qd5+
{[%clk 0:08:30]} 50. Kb1 {[%clk 0:21:09]} Bf8 {[%clk 0:07:04]} 51. Nc6
{[%clk 0:20:54]} Kg7 {[%clk 0:04:46]} 52. b7 {[%clk 0:20:49]} Bd6
{[%clk 0:05:15]} 53. b8=Q {[%clk 0:20:30]} Bxb8 {[%clk 0:05:30]} 54. Nxb8
{[%clk 0:20:56]} Qd1+ {[%clk 0:05:00]} 55. Bc1 {[%clk 0:18:59]} h5
{[%clk 0:05:00]} 56. b4 {[%clk 0:15:38]} axb3 {[%clk 0:03:08]} 57. cxb3
{[%clk 0:16:03]} h4 {[%clk 0:02:19]} 58. Kb2 {[%clk 0:15:40]} Qe2+
{[%clk 0:01:51]} 59. Ka3 {[%clk 0:15:33]} Qe5 {[%clk 0:01:05]} 60. Qxe5
{[%clk 0:12:45]} fxe5 {[%clk 0:01:34]} 61. Be3 {[%clk 0:13:07]} h3
{[%clk 0:00:41]} 62. Bg1 {[%clk 0:13:36]} e4 {[%clk 0:00:43]} 63. Kb2
{[%clk 0:13:48]} e3 {[%clk 0:00:42]} 64. Kc3 {[%clk 0:14:16]} f5 {[%clk 0:01:00]}
65. Kd3 {[%clk 0:09:50]} f4 {[%clk 0:01:24]} 66. Bh2 {[%clk 0:10:08]} Be6
{[%clk 0:00:51]} 67. Nc6 {[%clk 0:09:07]} Bxb3 {[%clk 0:01:00]} 68. Nd4
{[%clk 0:09:28]} Ba4 {[%clk 0:00:38]} 69. Ne6+ {[%clk 0:09:11]} Kf6
{[%clk 0:00:56]} 70. Nxf4 {[%clk 0:09:32]} gxf4 {[%clk 0:01:22]} 71. Ke4 1/2-1/2

[Event "Moscow Open 2018 AB"]
[Site "?"]
[Date "2018.02.04"]
[Round "9.11"]
[White "Bodnaruk, Anastasia"]
[Black "Soumya, Swaminathan"]
[Result "1-0"]
[BlackElo "2349"]
[WhiteElo "2434"]
[LiveChessVersion "1.4.8"]

1. e4 {[%clk 1:30:57]} c5 {[%clk 1:26:39]} 2. b3 {[%clk 1:31:22]} Nf6
{[%clk 1:26:03]} 3. e5 {[%clk 1:29:51]} Nd5 {[%clk 1:25:03]} 4. Nf3
{[%clk 1:24:25]} Nc6 {[%clk 1:16:15]} 5. Bc4 {[%clk 1:06:48]} Nb6
{[%clk 1:08:49]} 6. Bb5 {[%clk 1:07:02]} Qc7 {[%clk 1:07:14]} 7. Bb2
{[%clk 1:06:28]} g6 {[%clk 1:06:04]} 8. Qe2 {[%clk 0:59:01]} Bg7 {[%clk 1:05:49]}
9. O-O {[%clk 0:41:57]} O-O {[%clk 1:05:54]} 10. Bxc6 {[%clk 0:41:03]} Qxc6
{[%clk 1:05:09]} 11. d4 {[%clk 0:38:28]} d6 {[%clk 0:54:25]} 12. dxc5
{[%clk 0:27:48]} dxc5 {[%clk 0:48:00]} 13. c4 {[%clk 0:23:31]} Bg4
{[%clk 0:45:06]} 14. Nbd2 {[%clk 0:23:01]} Rfd8 {[%clk 0:34:23]} 15. Rfd1
{[%clk 0:21:23]} Nd7 {[%clk 0:34:42]} 16. h3 {[%clk 0:20:49]} Bf5
{[%clk 0:34:54]} 17. g4 {[%clk 0:18:43]} Be6 {[%clk 0:34:38]} 18. Qe4
{[%clk 0:15:06]} Rdc8 {[%clk 0:19:42]} 19. Kg2 {[%clk 0:13:15]} f6
{[%clk 0:17:52]} 20. Re1 {[%clk 0:10:27]} Nf8 {[%clk 0:17:46]} 21. Qxc6
{[%clk 0:08:18]} Rxc6 {[%clk 0:18:13]} 22. Nf1 {[%clk 0:08:06]} a6
{[%clk 0:15:27]} 23. Ne3 {[%clk 0:08:14]} b5 {[%clk 0:15:37]} 24. Nd5
{[%clk 0:07:41]} Kf7 {[%clk 0:15:54]} 25. Rad1 {[%clk 0:06:08]} h6
{[%clk 0:12:33]} 26. exf6 {[%clk 0:02:45]} exf6 {[%clk 0:12:58]} 27. Nf4
{[%clk 0:02:53]} Ra7 {[%clk 0:12:44]} 28. Nd2 {[%clk 0:02:02]} Re7
{[%clk 0:07:29]} 29. Kg3 {[%clk 0:00:47]} f5 {[%clk 0:04:21]} 30. Bxg7
{[%clk 0:00:55]} Kxg7 {[%clk 0:04:45]} 31. gxf5 {[%clk 0:00:56]} gxf5
{[%clk 0:04:59]} 32. Nf3 {[%clk 0:01:11]} Ra7 {[%clk 0:02:10]} 33. Rd8
{[%clk 0:00:51]} Bf7 {[%clk 0:01:43]} 34. Nh4 {[%clk 0:00:48]} bxc4
{[%clk 0:00:57]} 35. Nxf5+ {[%clk 0:00:56]} Kf6 {[%clk 0:00:47]} 36. Nxh6
{[%clk 0:00:42]} Ne6 {[%clk 0:00:41]} 37. Nxf7 {[%clk 0:00:37]} Nxd8
{[%clk 0:00:52]} 38. Nxd8 {[%clk 0:01:02]} Rd6 {[%clk 0:01:02]} 39. Nde6
{[%clk 0:00:46]} cxb3 {[%clk 0:01:07]} 40. axb3 {[%clk 0:31:14]} Re7
{[%clk 0:31:08]} 41. Re3 {[%clk 0:24:37]} a5 {[%clk 0:25:44]} 42. Nxc5
{[%clk 0:21:20]} Rxe3+ {[%clk 0:26:08]} 43. fxe3 {[%clk 0:21:49]} Rd8
{[%clk 0:21:57]} 44. e4 {[%clk 0:20:14]} Rc8 {[%clk 0:20:56]} 45. Nfd3
{[%clk 0:20:27]} Rg8+ {[%clk 0:21:20]} 46. Kf4 {[%clk 0:20:22]} Rh8
{[%clk 0:21:35]} 47. e5+ {[%clk 0:20:49]} Ke7 {[%clk 0:21:56]} 48. Kg4
{[%clk 0:21:07]} Rg8+ {[%clk 0:21:47]} 49. Kf5 {[%clk 0:21:30]} Rh8
{[%clk 0:16:52]} 50. Nf4 {[%clk 0:21:43]} Rb8 {[%clk 0:16:57]} 51. Nd5+
{[%clk 0:20:30]} 1-0

[Event "Moscow Open 2018 AB"]
[Site "?"]
[Date "2018.02.04"]
[Round "9.12"]
[White "Hojjatova, Aydan"]
[Black "Kashlinskaya, Alina"]
[Result "0-1"]
[BlackElo "2459"]
[WhiteElo "2336"]
[LiveChessVersion "1.4.8"]

1. e4 {[%clk 1:30:57]} e5 {[%clk 1:30:52]} 2. Nf3 {[%clk 1:31:18]} Nf6
{[%clk 1:31:12]} 3. Nxe5 {[%clk 1:31:23]} d6 {[%clk 1:31:24]} 4. Nf3
{[%clk 1:31:42]} Nxe4 {[%clk 1:31:46]} 5. c4 {[%clk 1:30:55]} Be7
{[%clk 1:29:22]} 6. Nc3 {[%clk 1:29:45]} Nxc3 {[%clk 1:29:30]} 7. dxc3
{[%clk 1:29:59]} O-O {[%clk 1:28:36]} 8. Bd3 {[%clk 1:25:46]} Nc6
{[%clk 1:25:37]} 9. Qc2 {[%clk 1:19:41]} h6 {[%clk 1:23:31]} 10. h3
{[%clk 1:16:38]} Ne5 {[%clk 1:18:15]} 11. Be2 {[%clk 1:01:07]} Be6
{[%clk 1:09:28]} 12. Nxe5 {[%clk 0:49:25]} dxe5 {[%clk 1:09:51]} 13. Qe4
{[%clk 0:49:31]} Qd6 {[%clk 0:53:23]} 14. O-O {[%clk 0:47:36]} f5
{[%clk 0:44:30]} 15. Qxb7 {[%clk 0:43:02]} e4 {[%clk 0:44:48]} 16. c5
{[%clk 0:23:54]} Qxc5 {[%clk 0:38:10]} 17. Be3 {[%clk 0:23:21]} Qe5
{[%clk 0:38:01]} 18. Bd4 {[%clk 0:22:21]} Qd6 {[%clk 0:37:01]} 19. Qa6
{[%clk 0:20:32]} c5 {[%clk 0:34:10]} 20. Qxd6 {[%clk 0:13:10]} Bxd6
{[%clk 0:34:35]} 21. Be3 {[%clk 0:13:37]} f4 {[%clk 0:32:12]} 22. Bd2
{[%clk 0:12:37]} f3 {[%clk 0:22:49]} 23. Bb5 {[%clk 0:10:37]} fxg2
{[%clk 0:20:00]} 24. Rfe1 {[%clk 0:08:47]} Rab8 {[%clk 0:14:18]} 25. Rxe4
{[%clk 0:05:39]} Bf5 {[%clk 0:12:23]} 26. Bc4+ {[%clk 0:06:05]} Kh7
{[%clk 0:12:19]} 27. Rh4 {[%clk 0:05:04]} Rxb2 {[%clk 0:08:55]} 28. Be3
{[%clk 0:04:09]} Re8 {[%clk 0:07:48]} 29. Rh5 {[%clk 0:02:08]} Be4
{[%clk 0:06:03]} 30. Rh4 {[%clk 0:00:46]} Bf3 {[%clk 0:05:26]} 31. Bd3+
{[%clk 0:01:11]} Kh8 {[%clk 0:05:51]} 32. Bxh6 {[%clk 0:00:50]} Bg3
{[%clk 0:00:44]} 33. Bxg7+ {[%clk 0:00:45]} Kxg7 {[%clk 0:01:12]} 34. fxg3
{[%clk 0:01:10]} Re3 {[%clk 0:00:59]} 35. Bf5 {[%clk 0:00:42]} Rbe2
{[%clk 0:01:21]} 0-1

[Event "Moscow Open 2018 AB"]
[Site "?"]
[Date "2018.02.04"]
[Round "9.13"]
[White "Nechaeva, Marina"]
[Black "Tokhirjonova, Gulrukhbegim"]
[Result "1-0"]
[BlackElo "2329"]
[WhiteElo "2421"]
[LiveChessVersion "1.4.8"]

1. d4 {[%clk 1:25:09]} Nf6 {[%clk 1:26:58]} 2. c4 {[%clk 1:25:32]} e6
{[%clk 1:27:21]} 3. Nf3 {[%clk 1:25:57]} Bb4+ {[%clk 1:27:34]} 4. Bd2
{[%clk 1:26:24]} Qe7 {[%clk 1:27:39]} 5. g3 {[%clk 1:26:50]} Bxd2+
{[%clk 1:27:14]} 6. Qxd2 {[%clk 1:27:11]} Nc6 {[%clk 1:26:39]} 7. Nc3
{[%clk 1:27:32]} d5 {[%clk 1:26:14]} 8. Bg2 {[%clk 1:27:29]} dxc4
{[%clk 1:25:30]} 9. Ne5 {[%clk 1:23:08]} Nxe5 {[%clk 1:22:20]} 10. dxe5
{[%clk 1:23:35]} Nd7 {[%clk 1:22:35]} 11. Qd4 {[%clk 1:24:00]} Qc5
{[%clk 1:09:46]} 12. Qxc5 {[%clk 1:22:57]} Nxc5 {[%clk 1:10:14]} 13. Nb5
{[%clk 1:20:17]} Ke7 {[%clk 1:10:32]} 14. Rc1 {[%clk 1:20:12]} Bd7
{[%clk 1:05:50]} 15. Rxc4 {[%clk 1:20:02]} Bxb5 {[%clk 1:05:51]} 16. Rxc5
{[%clk 1:20:29]} c6 {[%clk 1:06:13]} 17. Kd2 {[%clk 1:15:58]} a5 {[%clk 0:53:29]}
18. Ke3 {[%clk 1:16:11]} a4 {[%clk 0:53:19]} 19. a3 {[%clk 1:15:13]} Rad8
{[%clk 0:51:30]} 20. Rcc1 {[%clk 1:04:19]} Rd7 {[%clk 0:51:06]} 21. Rhd1
{[%clk 1:04:45]} Rhd8 {[%clk 0:51:28]} 22. Rxd7+ {[%clk 1:05:12]} Rxd7
{[%clk 0:51:48]} 23. f4 {[%clk 1:05:34]} h6 {[%clk 0:47:31]} 24. h4
{[%clk 1:01:45]} b6 {[%clk 0:38:07]} 25. g4 {[%clk 1:00:25]} c5 {[%clk 0:38:03]}
26. Bf3 {[%clk 0:58:44]} Rd4 {[%clk 0:37:17]} 27. Rg1 {[%clk 0:56:52]} Bd7
{[%clk 0:34:01]} 28. Be4 {[%clk 0:55:51]} Bb5 {[%clk 0:29:02]} 29. Bf3
{[%clk 0:53:25]} Bd7 {[%clk 0:28:42]} 30. h5 {[%clk 0:53:34]} Kf8
{[%clk 0:24:33]} 31. g5 {[%clk 0:53:16]} Bb5 {[%clk 0:24:00]} 32. Rb1
{[%clk 0:45:59]} Bc4 {[%clk 0:23:08]} 33. Rc1 {[%clk 0:45:55]} Bd5
{[%clk 0:21:07]} 34. g6 {[%clk 0:39:29]} fxg6 {[%clk 0:15:51]} 35. hxg6
{[%clk 0:39:53]} Ke7 {[%clk 0:16:08]} 36. Rb1 {[%clk 0:36:18]} Bc4
{[%clk 0:15:37]} 37. Bc6 {[%clk 0:35:37]} Bb3 {[%clk 0:15:29]} 38. Rc1
{[%clk 0:32:38]} Bd5 {[%clk 0:15:38]} 39. Bxd5 {[%clk 0:33:01]} Rxd5
{[%clk 0:10:40]} 40. Kf3 {[%clk 1:01:05]} Rd4 {[%clk 0:39:39]} 41. Rc3
{[%clk 0:55:19]} Kd7 {[%clk 0:33:52]} 42. e4 {[%clk 0:44:15]} h5 {[%clk 0:31:33]}
43. f5 {[%clk 0:42:01]} Ke7 {[%clk 0:31:46]} 44. Rc1 {[%clk 0:29:53]} c4
{[%clk 0:23:16]} 45. Rg1 {[%clk 0:17:20]} exf5 {[%clk 0:13:28]} 46. exf5
{[%clk 0:17:46]} Rg4 {[%clk 0:13:47]} 47. Rxg4 {[%clk 0:15:57]} hxg4+
{[%clk 0:14:11]} 48. Kxg4 {[%clk 0:16:25]} b5 {[%clk 0:14:34]} 49. Kg5
{[%clk 0:12:42]} b4 {[%clk 0:14:38]} 50. f6+ {[%clk 0:13:08]} Kf8
{[%clk 0:12:48]} 51. e6 {[%clk 0:13:34]} bxa3 {[%clk 0:11:32]} 52. e7+
{[%clk 0:11:57]} Ke8 {[%clk 0:11:50]} 53. fxg7 {[%clk 0:12:01]} axb2
{[%clk 0:11:50]} 54. g8=Q+ {[%clk 0:12:26]} Kxe7 {[%clk 0:12:15]} 55. Qg7+
{[%clk 0:12:54]} 1-0

[Event "Moscow Open 2018 AB"]
[Site "?"]
[Date "2018.02.04"]
[Round "9.14"]
[White "Shuvalova, Polina"]
[Black "Dordzhieva, Dinara"]
[Result "1-0"]
[BlackElo "2294"]
[WhiteElo "2388"]
[LiveChessVersion "1.4.8"]

1. d4 {[%clk 1:30:57]} d5 {[%clk 1:24:18]} 2. c4 {[%clk 1:31:25]} dxc4
{[%clk 1:24:19]} 3. Nf3 {[%clk 1:31:32]} Nf6 {[%clk 1:24:42]} 4. e3
{[%clk 1:31:52]} e6 {[%clk 1:25:05]} 5. Bxc4 {[%clk 1:32:15]} c5 {[%clk 1:25:32]}
6. O-O {[%clk 1:32:39]} a6 {[%clk 1:25:59]} 7. Bb3 {[%clk 1:31:58]} Nc6
{[%clk 1:26:18]} 8. Qe2 {[%clk 1:31:52]} cxd4 {[%clk 1:26:36]} 9. Rd1
{[%clk 1:32:14]} Be7 {[%clk 1:26:54]} 10. exd4 {[%clk 1:32:06]} O-O
{[%clk 1:27:15]} 11. Nc3 {[%clk 1:29:40]} Na5 {[%clk 1:27:26]} 12. Bc2
{[%clk 1:29:04]} b5 {[%clk 1:27:40]} 13. Ne4 {[%clk 1:24:38]} Bb7
{[%clk 1:27:45]} 14. Nc5 {[%clk 1:23:47]} Bd5 {[%clk 1:26:26]} 15. Bg5
{[%clk 1:21:46]} Nc6 {[%clk 1:24:13]} 16. Ne5 {[%clk 1:04:56]} Rc8
{[%clk 0:48:10]} 17. Nxa6 {[%clk 0:55:38]} Qb6 {[%clk 0:43:03]} 18. Bxf6
{[%clk 0:50:33]} Bxf6 {[%clk 0:39:24]} 19. Nd7 {[%clk 0:46:15]} Qxa6
{[%clk 0:34:01]} 20. Nxf6+ {[%clk 0:35:16]} gxf6 {[%clk 0:31:17]} 21. Bxh7+
{[%clk 0:35:39]} Kh8 {[%clk 0:23:09]} 22. Qh5 {[%clk 0:35:55]} Kg7
{[%clk 0:23:36]} 23. Qg4+ {[%clk 0:35:46]} Kh8 {[%clk 0:23:49]} 24. Rd3
{[%clk 0:36:00]} Ne5 {[%clk 0:07:42]} 25. dxe5 {[%clk 0:36:07]} Qa4
{[%clk 0:05:00]} 26. Qh5 {[%clk 0:35:51]} fxe5 {[%clk 0:05:17]} 27. Be4+
{[%clk 0:35:56]} 1-0

[Event "Moscow Open 2018 AB"]
[Site "?"]
[Date "2018.02.04"]
[Round "9.15"]
[White "Gaboyan, Susanna"]
[Black "Osmak, Iulija"]
[Result "*"]
[BlackElo "2375"]
[WhiteElo "2168"]
[LiveChessVersion "1.4.8"]

1. d4 {[%clk 1:30:58]} f5 {[%clk 1:25:12]} 2. Nf3 {[%clk 1:30:09]} Nf6
{[%clk 1:24:54]} 3. c4 {[%clk 1:30:21]} g6 {[%clk 1:24:55]} 4. Nc3
{[%clk 1:30:21]} d6 {[%clk 1:25:04]} 5. Bf4 {[%clk 1:30:23]} Bg7 {[%clk 1:25:19]}
6. e3 {[%clk 1:30:00]} Nc6 {[%clk 1:24:27]} 7. d5 {[%clk 1:26:41]} e5
{[%clk 1:20:47]} 8. dxe6 {[%clk 1:21:24]} Bxe6 {[%clk 1:20:08]} 9. Be2
{[%clk 1:11:50]} h6 {[%clk 1:16:32]} 10. Nd4 {[%clk 1:07:09]} Bf7
{[%clk 0:55:33]} 11. Nxc6 {[%clk 0:54:14]} bxc6 {[%clk 0:55:53]} 12. Qa4
{[%clk 0:54:38]} O-O {[%clk 0:49:31]} 13. Qxc6 {[%clk 0:54:35]} Rb8
{[%clk 0:49:21]} 14. O-O {[%clk 0:44:24]} Rxb2 {[%clk 0:39:31]} 15. Rab1
{[%clk 0:44:47]} Rc2 {[%clk 0:38:04]} 16. Rfc1 {[%clk 0:45:07]} Rxc1+
{[%clk 0:36:27]} 17. Rxc1 {[%clk 0:45:35]} g5 {[%clk 0:36:16]} 18. Bg3
{[%clk 0:44:50]} Qe7 {[%clk 0:23:36]} 19. Bf3 {[%clk 0:41:10]} Rb8
{[%clk 0:19:34]} 20. Nb5 {[%clk 0:40:21]} Ne8 {[%clk 0:17:36]} 21. Nxa7
{[%clk 0:37:06]} Qf6 {[%clk 0:16:55]} 22. Nb5 {[%clk 0:18:41]} f4
{[%clk 0:16:12]} 23. exf4 {[%clk 0:19:06]} gxf4 {[%clk 0:16:40]} 24. Bh4
{[%clk 0:17:27]} Qxh4 {[%clk 0:16:44]} 25. a4 {[%clk 0:17:50]} Qf6
{[%clk 0:11:28]} 26. a5 {[%clk 0:18:02]} Qb2 {[%clk 0:11:48]} 27. Rd1
{[%clk 0:17:34]} Qa2 {[%clk 0:10:43]} 28. a6 {[%clk 0:17:33]} Bxc4
{[%clk 0:05:50]} 29. a7 {[%clk 0:17:13]} Rd8 {[%clk 0:06:11]} 30. Nxd6
{[%clk 0:01:46]} cxd6 {[%clk 0:05:57]} 31. a8=Q {[%clk 0:01:24]} Rxa8
{[%clk 0:06:20]} 32. Qxa8 {[%clk 0:01:49]} Qxa8 {[%clk 0:06:35]} 33. Bxa8
{[%clk 0:02:16]} Kf7 {[%clk 0:05:16]} 34. Bc6 {[%clk 0:01:30]} Be5
{[%clk 0:05:31]} 35. g3 {[%clk 0:01:52]} Be6 {[%clk 0:04:34]} 36. Rb1
{[%clk 0:00:34]} Ng7 {[%clk 0:03:32]} 37. Rb4 {[%clk 0:00:48]} fxg3
{[%clk 0:01:14]} 38. hxg3 {[%clk 0:01:13]} Nf5 {[%clk 0:01:34]} 39. Ra4
{[%clk 0:00:32]} Kf6 {[%clk 0:01:32]} 40. Ra5 {[%clk 0:30:33]} Ne7
{[%clk 0:30:46]} 41. Bf3 {[%clk 0:27:21]} Bc4 {[%clk 0:28:37]} 42. Kg2
{[%clk 0:24:43]} d5 {[%clk 0:28:42]} 43. Bd1 {[%clk 0:24:56]} Bc3
{[%clk 0:28:13]} 44. Rc5 {[%clk 0:24:24]} Ke5 {[%clk 0:25:12]} 45. Rc7
{[%clk 0:20:31]} Kd6 {[%clk 0:25:17]} 46. Rb7 {[%clk 0:20:39]} d4
{[%clk 0:18:41]} 47. Bb3 {[%clk 0:17:55]} Kc6 {[%clk 0:14:50]} 48. Rb8
{[%clk 0:16:32]} Kc7 {[%clk 0:13:27]} 49. Bxc4 {[%clk 0:16:57]} Kxb8
{[%clk 0:13:52]} 50. f4 {[%clk 0:17:01]} Kc7 {[%clk 0:12:00]} 51. Kf3
{[%clk 0:16:11]} Nf5 {[%clk 0:07:11]} 52. Bd3 {[%clk 0:14:53]} Ne3
{[%clk 0:07:34]} 53. Be2 {[%clk 0:11:14]} Kd6 {[%clk 0:06:31]} 54. Ke4
{[%clk 0:11:40]} Ke6 {[%clk 0:03:16]} 55. g4 {[%clk 0:11:49]} Kf6
{[%clk 0:03:40]} 56. Kd3 {[%clk 0:11:42]} Nd5 {[%clk 0:03:15]} 57. Ke4
{[%clk 0:12:08]} Nc7 {[%clk 0:03:29]} 58. Bc4 {[%clk 0:10:42]} Ne8
{[%clk 0:03:13]} 59. Bd3 {[%clk 0:10:51]} Kg7 {[%clk 0:02:53]} 60. Be2
{[%clk 0:10:41]} Nd6+ {[%clk 0:02:26]} 61. Kd5 {[%clk 0:10:32]} Nf7
{[%clk 0:02:06]} 62. Ke4 {[%clk 0:10:28]} Nd8 {[%clk 0:02:19]} 63. Kd5
{[%clk 0:10:19]} Kf6 {[%clk 0:01:54]} 64. Ke4 {[%clk 0:10:05]} Ne6
{[%clk 0:02:05]} 65. Bf1 {[%clk 0:10:13]} Bb2 {[%clk 0:01:49]} 66. Bc4
{[%clk 0:09:24]} Ke7 {[%clk 0:01:09]} 67. Bb5 {[%clk 0:02:49]} Kd6
{[%clk 0:01:17]} 68. Bf1 {[%clk 0:02:45]} *